000 00377nam a22001457a 4500
020 _qHB.
040 _cFIZZA ISHAQ
082 _a808
_bKEN
100 _aGioiA,KENNEDY.
_9131956
245 _aLITERATURE AN INTRODUCTION TO FICTION, POETRY, AND DRAMA /
_cKENNEDY GioiA.
250 _a7TH ED.
260 _aNEW YORK:
_bLONGMAN,
_c1999.
300 _a2029 P. ;
942 _2ddc
_cBK
999 _c615370
_d615370